Genres musicaux par origine - Statistiques

Statistiques générales
  • Ce quiz a été pris 218 fois
  • Le résultat moyen est 12 sur 15
Statistiques - réponses
Genre Pays % Correct
Flamenco Espagne
98%
Jazz États-Unis
97%
Samba Brésil
96%
Xinjiang Chine
96%
Opéra Italie
94%
Tango Argentine
91%
Reggae Jamaïque
90%
K-Pop Corée du Sud
89%
Mariachi Mexique
88%
Fado Portugal
81%
Raï Algérie
77%
Trance Allemagne
72%
Dubstep Royaume-Uni
69%
Mambo Cuba
51%
Soca Trinité-et-Tobago
7%
Aucun quiz correspondant
Distribution des résultats
% des personnes avec chaque résultat
Percentile par nombre de réponses
Votre historique - résultats
Vous n’avez pas pris ce quiz